Construction contract law : (Record no. 22001)
[ view plain ]
| 000 -LEADER | |
|---|---|
| fixed length control field | 01967cam a22003375a 4500 |
| 001 - CONTROL NUMBER | |
| control field | 015540701 |
| 003 - CONTROL NUMBER IDENTIFIER | |
| control field | OSt |
| 005 - DATE AND TIME OF LATEST TRANSACTION | |
| control field | 20160721135931.0 |
| 008 - FIXED-LENGTH DATA ELEMENTS--GENERAL INFORMATION | |
| fixed length control field | 100421s2010 enk frb 001 0 eng|d |
| 015 ## - NATIONAL BIBLIOGRAPHY NUMBER | |
| National bibliography number | GBB055294 |
| Source | bnb |
| 016 7# - NATIONAL BIBLIOGRAPHIC AGENCY CONTROL NUMBER | |
| Record control number | 015540701 |
| Source | Uk |
| 020 ## - INTERNATIONAL STANDARD BOOK NUMBER | |
| International Standard Book Number | 023023044X (pbk.) |
| 020 ## - INTERNATIONAL STANDARD BOOK NUMBER | |
| International Standard Book Number | 9780230230446 (pbk.) |
| 040 ## - CATALOGING SOURCE | |
| Original cataloging agency | StDuBDS |
| Language of cataloging | eng |
| Transcribing agency | StDuBDS |
| Modifying agency | EG-ScBUE |
| 082 04 - DEWEY DECIMAL CLASSIFICATION NUMBER | |
| Classification number | 343.41078624 |
| Edition number | 22 |
| Item number | ADR |
| 100 1# - MAIN ENTRY--PERSONAL NAME | |
| Personal name | Adriaanse, John. |
| 9 (RLIN) | 40388 |
| 245 10 - TITLE STATEMENT | |
| Title | Construction contract law : |
| Remainder of title | the essentials / |
| Statement of responsibility, etc | John Adriaanse. |
| 250 ## - EDITION STATEMENT | |
| Edition statement | 3rd ed. |
| 260 ## - PUBLICATION, DISTRIBUTION, ETC. (IMPRINT) | |
| Place of publication, distribution, etc | Basingstoke, Hampshire : |
| Name of publisher, distributor, etc | Palgrave Macmillan / Macmillan Publishers Limited, |
| Date of publication, distribution, etc | c.2010. |
| 300 ## - PHYSICAL DESCRIPTION | |
| Extent | xxxv, 404 p. ; |
| Dimensions | 24 cm. |
| 500 ## - GENERAL NOTE | |
| General note | Index : p. 398-404. |
| 504 ## - BIBLIOGRAPHY, ETC. NOTE | |
| Bibliography, etc | Bibliography : p. 394-397. |
| 505 ## - FORMATTED CONTENTS NOTE | |
| Formatted contents note | The nature of construction contracts -- Outline of the law of obligations -- The formation of construction contracts -- Consideration -- The role of the architect and the engineer --<br/>The main obligations of the contractor -- The main obligations of the employer -- Time and provisions for the delay -- Variations and the right to payment -- Payment and certification --<br/>Subcontracting -- Supply contracts -- Design liability of professionals and contractors -- Liabilities post-completion --<br/>Determination and damages -- Methods of dispute resolution. |
| 520 ## - SUMMARY, ETC. | |
| Summary, etc | Covering the essentials of the subject, including how the law has developed, the reasoning behind key contract clauses and how contract law is applied in practice, this is an invaluable guide for students at undergraduate and postgraduate level. Thoroughly updated, it now includes amendments to the Housing Grants, Construction and Regeneration Act. |
| 650 #7 - SUBJECT ADDED ENTRY--TOPICAL TERM | |
| Topical term or geographic name as entry element | Construction contracts |
| Geographic subdivision | Great Britain. |
| Source of heading or term | BUEsh |
| 9 (RLIN) | 12257 |
| 651 ## - SUBJECT ADDED ENTRY--GEOGRAPHIC NAME | |
| Source of heading or term | BUEsh |
| 653 ## - INDEX TERM--UNCONTROLLED | |
| Resource For college | Law |
| Arrived date list | July2016 |
| 942 ## - ADDED ENTRY ELEMENTS (KOHA) | |
| Source of classification or shelving scheme | Dewey Decimal Classification |
| Edition | 22 |
| Call number prefix | 343.41078624 ADR |
| Withdrawn status | Item status | Source of classification or shelving scheme | Damaged status | Not for loan | Vendor | Home library | Current library | Shelving location | Date acquired | Source of acquisition | Cost, normal purchase price | Serial Enumeration / chronology | Total Checkouts | Total Renewals | Full call number | Barcode | Date last seen | Date last borrowed | Cost, replacement price | Koha item type |
|---|---|---|---|---|---|---|---|---|---|---|---|---|---|---|---|---|---|---|---|---|
| Dewey Decimal Classification | Baccah | Central Library | Central Library | First floor | 21/07/2016 | Purchase | 416.00 | 26080 | 3 | 2 | 343.41078624 ADR | 000032882 | 15/07/2025 | 06/12/2020 | 520.00 | Book - Borrowing |